Handbook of Clinical Neurology: Volume 4 (Record no. 1262)

000 -LEADER
fixed length control field 00712nam a22002297a 4500
003 - CONTROL NUMBER IDENTIFIER
control field OSt
005 - DATE AND TIME OF LATEST TRANSACTION
control field 20210208101328.0
008 - FIXED-LENGTH DATA ELEMENTS--GENERAL INFORMATION
fixed length control field 210208s1969 ||||| |||| 00| 0 eng d
020 ## - INTERNATIONAL STANDARD BOOK NUMBER
International Standard Book Number 720472008
020 ## - INTERNATIONAL STANDARD BOOK NUMBER
International Standard Book Number 720472040
040 ## - CATALOGING SOURCE
Original cataloging agency eng
Language of cataloging eng
Transcribing agency DLC
041 ## - LANGUAGE CODE
Language code of text/sound track or separate title eng
080 ## - UNIVERSAL DECIMAL CLASSIFICATION NUMBER
Universal Decimal Classification number 616.8
Item number V-69
100 ## - MAIN ENTRY--PERSONAL NAME
9 (RLIN) 806
Personal name Vinken, J., P.
Relator term Editor
245 ## - TITLE STATEMENT
Title Handbook of Clinical Neurology: Volume 4
Remainder of title : Disorders of Speech, Perception and Symbolic Behaviour
Statement of responsibility, etc. / by: Elsevier Publishing CO., Inc
260 ## - PUBLICATION, DISTRIBUTION, ETC.
Place of publication, distribution, etc. New York
Name of publisher, distributor, etc. Elsevier Publishing CO., Inc
Date of publication, distribution, etc. 1969
300 ## - PHYSICAL DESCRIPTION
Extent 481 p.
Other physical details ill.
650 #0 - SUBJECT ADDED ENTRY--TOPICAL TERM
9 (RLIN) 100
Topical term or geographic name entry element Neurology
653 ## - INDEX TERM--UNCONTROLLED
Uncontrolled term ნევროლოგია
700 ## - ADDED ENTRY--PERSONAL NAME
9 (RLIN) 807
Personal name Bruyn, W., G.
Relator term Editor
942 ## - ADDED ENTRY ELEMENTS (KOHA)
Source of classification or shelving scheme
Koha item type Books
Holdings
Withdrawn status Lost status Source of classification or shelving scheme Damaged status Not for loan Permanent location Current location Date acquired Inventory number Total Checkouts Full call number Barcode Date last seen Price effective from Koha item type
          Ken Walker International University Ken Walker International University 02/08/2021 1231   616.8 V-69 1231 02/08/2021 02/08/2021 Books

Powered by Koha